000 00470nab a2200145Ia 4500
003 ES-SlBCS
005 20210601124007.0
008 140529s1999 xxu||||| |||| 00| 0 eng d
041 _aeng
100 1 _aPrice, Terry L.
_9133188
245 0 0 _aEgalitarian Justice, Luck, and the Costs of Chosen Ends
_c Terry L. Price
650 0 4 _aJusticia Igualitaria
_9133189
773 0 _tAmerican Philosophical Quarterly
_gvol. 36, nº. 4, 1999, págs. 267-288
_wRev1386
942 _cAR
999 _c507462
_d507462